Bruno Mars - Une lettre, une chanson - Statistiques

Statistiques générales
  • Ce quiz a été pris 173 fois
    67 depuis la dernière actualisation
  • Le résultat moyen est 10 sur 19
Statistiques - réponses
Lettres Chansons % Correct
L The Lazy Song / Leave the Door Open / Liquor Store Blues / Lo Arriesgo Todo / Locked Out of Heaven
87%
G Grenade / Gorilla
85%
T Talking to the Moon / That's What I Like / Too Good to Say Goodbye / Treasure
79%
W Wake Up in the Sky / When I Was Your Man
74%
M Marry You / Money Make Her Smile / Moonshine
72%
Chiffres 24K Magic / 777
70%
J Just the Way You Are
68%
F Finesse / Fly as Me
62%
C Calling All My Lovelies / Chunky / Count on Me
57%
V Versace On The Floor
55%
I If I Knew / I Just Might / It Will Rain
51%
S Somewhere in Brooklyn / Show Me / Silk Sonic Intro / Skate / Smokin Out the Window / Straight Up & Down
36%
N Natalie
32%
R Runaway Baby
32%
O Old & Crazy / The Other Side / Our First Time
28%
Y Young Girls
26%
P Perm / Put On a Smile
25%
A After Last Night
19%
B Blast Off / Bonde do Brunao
15%
Aucun quiz correspondant
Distribution des résultats
% des personnes avec chaque résultat
Percentile par nombre de réponses
Votre historique - résultats
Vous n’avez pas pris ce quiz depuis la dernière actualisation